اعلام من تاريخنا : (رقم التسجيلة. 127780)

تفاصيل مارك
000 -LEADER
fixed length control field 00740nam a22001937a 4500
005 - DATE AND TIME OF LATEST TRANSACTION
control field 20251108175152.0
008 - FIXED-LENGTH DATA ELEMENTS--GENERAL INFORMATION
fixed length control field 250721s9999 xx 000 0 ara d
082 14 - DEWEY DECIMAL CLASSIFICATION NUMBER
Classification number ط/922.1/عبد
100 1# - MAIN ENTRY--PERSONAL NAME
Personal name عبد الهادي، حلمي
245 10 - TITLE STATEMENT
Title اعلام من تاريخنا :
Remainder of title جعفر بن ابي طالب , العباس بن عبد المطلب , حمزة بن عبد المطلب/عبدالله بن الزبير / سعد بن ابي وقاص /
264 1# - PRODUCTION, PUBLICATION, DISTRIBUTION, MANUFACTURE, AND COPYRIGHT NOTICE
Place of production, publication, distribution, manufacture عمان :
Name of producer, publisher, distributor, manufacturer دار الفكر،
300 ## - PHYSICAL DESCRIPTION
Extent 40ص.
490 0# - SERIES STATEMENT
Series statement اعلام من تاريخنا
650 17 - SUBJECT ADDED ENTRY--TOPICAL TERM
Topical term or geographic name as entry element التراجم
650 17 - SUBJECT ADDED ENTRY--TOPICAL TERM
Topical term or geographic name as entry element الصحابة و التابعين
653 ## - INDEX TERM--UNCONTROLLED
Uncontrolled term ناشئون صغار (10-14) سنة
942 ## - ADDED ENTRY ELEMENTS (KOHA)
Source of classification or shelving scheme Dewey Decimal Classification
Koha item type كتب
المقتنيات
حالة السحب حالة الفقدان مصدر التصنيف حالة التلف غير قابل للإعارة المكتبة الرئيسية المكتبة الحالية موقع الرف تاريخ التزويد الرقم المتسلسل Total Checkouts رقم الإستدعاء الباركود تاريخ آخر ظهور تاريخ الفاتورة نوع المادة (كوها)
    Dewey Decimal Classification     مكتبةمؤتة مكتبةمؤتة الأطفال 21/06/2014 ( 701 )   ط/922.1/عبد PLD00329790 28/07/2025 21/06/2014 كتب
    Dewey Decimal Classification     مكتبةمؤتة مكتبةمؤتة الأطفال 06/09/2014 [ 710 ]   ط/922.1/عبد PLD00342644 28/07/2025 06/09/2014 كتب
    Dewey Decimal Classification     مكتبةمؤتة مكتبةمؤتة الأطفال 06/09/2014 [ 712 ]   ط/922.1/عبد PLD00342645 28/07/2025 06/09/2014 كتب
Implemented & Customized by: BBB with SCIT (Smart Chains for Information Technology)

Powered by Koha